00821nam a22002297a 4500003001100000005001700011008004100028020001500069040003900084041000800123082001300131100001900144245004400163260004100207300006700248650004800315650006000363650006900423650003800492650004100530700002000571LK-CoMWRAF20231102135847.0231006b1997 |||||||| |||| 00| 0 eng d a0471122513 aLK-CoMWRAFdLK-CoMWRAFeLK-CoMWRAF aeng a923bEVE aEvers, Charles aHave no fear: bthe Charles Evers story aNew York:bJohn Wiley & Sons, c1997 axviii, 333 p. : ill. ; 25 cm.bBibliography and index included aCIVIL RIGHT WORKERS-Mississippi --Biography a African American politicians -Mississippi -Biography  aCivil rights movements -- Mississippi -- History -- 20th century aAfrican Americans -- Civil rights aPolitics and government-Mississippi  aSzanton, Andrew